| 000 | 00483nam a2200181Ia 4500 | ||
|---|---|---|---|
| 005 | 20250423094842.0 | ||
| 008 | 250422s9999 xx 000 0 und d | ||
| 020 | _a0- 314- 92964- 9 | ||
| 050 | _aQA 76 .M27/ | ||
| 100 | _aSteven L. Mandell | ||
| 245 | 0 | _aComputers and information processing: concepts and applications | |
| 250 | _a6th ed. | ||
| 260 | _bWest publishing company | ||
| 260 | _c1992 | ||
| 300 | _a512 p | ||
| 650 | _aElectronic digital computers | ||
| 942 | _cBK | ||
| 999 |
_c28491 _d28491 |
||